| 000 | 00739nam a2200217Ii 4500 | ||
|---|---|---|---|
| 003 | JO-AjNU | ||
| 008 | 230605s9999||||xx |||||||||||||| ||und|| | ||
| 017 | _a1981/3863 | ||
| 020 | _a977-7350-00-7 | ||
| 040 |
_aJO-AjNU _bara _erda _cJO-AjNU |
||
| 041 | _aara | ||
| 050 | 1 | 4 | _aPN56.R5.N3 1981 |
| 100 | 3 |
_aتأليف النساج،سيد حامد, _eauthor _919510 |
|
| 245 | 0 | 0 | _aفي الرومانسية والواقعية |
| 264 | 3 | 1 | _aالقاهرة: مكتبة غريب، 1981 |
| 300 | _a182ص | ||
| 336 |
_atext _btxt _2rdacontent |
||
| 337 |
_aunmediated _bn _2rdamedia |
||
| 338 |
_avolume _bnc _2rdacarrier |
||
| 650 | 4 |
_aالأدب العربي - الواقعية في الأدب - الرومانسية في الأدب _919511 |
|
| 999 |
_aA6451 _c10019 _d10019 |
||